| 000 | 00450nam a22001097a 4500 | ||
|---|---|---|---|
| 082 |
_a348.5491046 _bPAK |
||
| 245 |
_aPakistan Annual Law Digest 2015: _bdigest of cases reported in all the law journals published in Pakistan including Azad Jammu & Kashmir and Gilgit-Baltistan during the year / _cEdited Muhammad Anwar Khokhar and H.B. Tanvir |
||
| 260 |
_aLahore : _bPLD Publishers. _c2015. |
||
| 300 | _avolume | ||
| 563 | _aH.B. | ||
| 942 |
_2ddc _cCR _s1 |
||
| 999 |
_c593030 _d593030 |
||